000 00773nam a2200241Ia 4500
003 GCL
005 20240530104101.0
008 140319s9999 xx 000 0 ara d
020 _a6011509977
040 _aGCL /
_cGCL
082 0 4 _a780.92
_bك ت
100 1 _aكمال النجمى
245 1 0 _aتراث الغناء العربى بين الموصلى وزرياب وام كلثوم وعبدالوهاب /
_cكمال النجمى
250 _aالاولى
260 _aالقاهرة :
_bدار الشروق ،
_c1993
300 _a260 ص ؛
_c24 سم
650 0 4 _aالموسيقى
650 0 4 _aالموسيقيون المصريون
650 0 4 _aالغناء
650 0 4 _aمحمد عبدالوهاب
650 0 4 _aام كلثوم
942 _2ddc
_cBK
999 _c44508
_d44508